Los Angeles Dodgers 2024 Opening Day Lineup - Statistics

General Stats
  • This quiz has been taken 68 times
  • The average score is 9 of 10
Answer Stats
Position Player % Correct
1B Freddie Freeman
100%
SS Mookie Betts
100%
DH Shohei Ohtani
96%
3B Max Muncy
94%
LF Teoscar Hernandez
94%
C Will Smith
94%
2B Gavin Lux
82%
SP Tyler Glasnow
80%
CF James Outman
71%
RF Jason Heyward
65%
No matching quizzes found
Score Distribution
Percent of People with Each Score
Percentile by Number Answered
Your Score History
You have not taken this quiz